Cracking down on crime (Record no. 72116)

MARC details
000 -LEADER
fixed length control field 01129cam a2200229 4500
001 - CONTROL NUMBER
control field WB3907-01
008 - FIXED-LENGTH DATA ELEMENTS--GENERAL INFORMATION
fixed length control field 030217n2003 000 0 eng u
035 ## - SYSTEM CONTROL NUMBER
System control number (Sirsi) u121354
245 ## - TITLE STATEMENT
Title Cracking down on crime
260 ## - PUBLICATION, DISTRIBUTION, ETC.
Date of publication, distribution, etc. 2003
490 ## - SERIES STATEMENT
Series statement DEFRA News Release
Volume/sequential designation (50/03) 12 February 2003, (4)
520 ## - SUMMARY, ETC.
Summary, etc. New powers enabling highway authorities in England to divert or close rights of way to prevent crime have come into effect with the commencement of provisions in the Countryside and Rights of Way Act 2000 Schedule 6. Target areas include footpaths across school grounds and alleyways on urban estates. The commencement statutory instrument and guidance for local authorities on the designation of areas are available on DEFRA's website at www.defra.gov.uk/wildlife-countryside/cl/publicrow.htm#crimeprevent www.defra.gov.uk/news/2003/030212b.htm
590 ## - LOCAL NOTE (RLIN)
Local note WB
650 ## - SUBJECT ADDED ENTRY--TOPICAL TERM
Topical term or geographic name entry element CRIME PREVENTION
650 ## - SUBJECT ADDED ENTRY--TOPICAL TERM
Topical term or geographic name entry element RIGHTS OF WAY
650 ## - SUBJECT ADDED ENTRY--TOPICAL TERM
Topical term or geographic name entry element FOOTPATHS
650 ## - SUBJECT ADDED ENTRY--TOPICAL TERM
Topical term or geographic name entry element SCHOOLS
650 ## - SUBJECT ADDED ENTRY--TOPICAL TERM
Topical term or geographic name entry element HOUSING ESTATES
650 ## - SUBJECT ADDED ENTRY--TOPICAL TERM
Topical term or geographic name entry element COUNTRYSIDE AND RIGHTS OF WAY ACT 2000
690 ## - LOCAL SUBJECT ADDED ENTRY--TOPICAL TERM (OCLC, RLIN)
Topical term or geographic name as entry element Boundary disputes
9 (RLIN) 6221
942 ## - ADDED ENTRY ELEMENTS (KOHA)
Suppress in OPAC 0
Holdings
Withdrawn status Lost status Source of classification or shelving scheme Damaged status Not for loan Home library Current library Shelving location Date acquired Total Checkouts Full call number Barcode Date last seen Copy number Price effective from Koha item type
    Dewey Decimal Classification     London London News article 17/02/2003   WB3907-01 121354-1001 06/08/2019 1 06/08/2019 News article